Essence of probability & statistics / (Record no. 18068)

MARC details
000 -LEADER
fixed length control field 00778nam a22002297a 4500
008 - FIXED-LENGTH DATA ELEMENTS--GENERAL INFORMATION
fixed length control field 081105t xxu||||| |||| 00| 0 eng d
010 ## - LCCN (DPL NO)
LC control number ENG-91508
020 ## - INTERNATIONAL STANDARD BOOK NUMBER
Terms of availability 65.00
035 ## - SYSTEM CONTROL NUMBER
System control number EN-75041
037 ## - SOURCE OF ACQUISITION
Source of stock number/acquisition DBAD / PUB
040 ## - CATALOGING SOURCE
Original cataloging agency dpl
Language of cataloging English
082 ## - DEWEY DECIMAL CLASSIFICATION NUMBER
Classification number 519
100 ## - MAIN ENTRY--PERSONAL NAME
Personal name Sasikala, S.
245 ## - TITLE STATEMENT
Title Essence of probability & statistics /
Statement of responsibility, etc by S. Sasikala
260 ## - PUBLICATION, DISTRIBUTION, ETC. (IMPRINT)
Place of publication, distribution, etc Trichy
Name of publisher, distributor, etc Rajakumaran Publishers
Date of publication, distribution, etc 2008
270 ## - ADDRESS
Address No.4, Kurinji Street, Annamalai Nagar,
City Trichy
Postal code 18
300 ## - PHYSICAL DESCRIPTION
Extent 70p.
Dimensions 22cm (pbk)
650 ## - SUBJECT ADDED ENTRY--TOPICAL TERM
Topical term or geographic name as entry element Probabilities
650 ## - SUBJECT ADDED ENTRY--TOPICAL TERM
Topical term or geographic name as entry element Mathematical statistics
942 ## - ADDED ENTRY ELEMENTS (KOHA)
Source of classification or shelving scheme Dewey Decimal Classification
Item type English Books
Call number suffix SAS
Classification part 519
Holdings
Withdrawn status Lost status Source of classification or shelving scheme Damaged status Not for loan Collection code Home library Current library Date acquired Source of acquisition Cost, normal purchase price Total Checkouts Full call number Barcode Date last seen Copy number Cost, replacement price Koha item type
    Dewey Decimal Classification   Not For Loan Non-fiction D.B.Act.Division D.B.Act.Division 05/11/2008 DBAD / PUB 60.00   519 SAS EN-75041 05/11/2008 1 65.00 English Books

© Delhi Public Library
Hit Counter
free hit counter